Punjab Occupancy Tenants (Vesting of Proprietary Rights) Act, 1952 with common Rules and Latest case law (Record no. 204041)

MARC details
000 -LEADER
fixed length control field 00432nam a2200145Ia 4500
008 - FIXED-LENGTH DATA ELEMENTS--GENERAL INFORMATION
fixed length control field 230917s9999||||xx |||||||||||||| ||und||
040 ## - CATALOGING SOURCE
-- 195593
Original cataloging agency VIVEKANANDA LIBRARY
041 ## - Language
-- English
082 ## - DDC NUMBER
Classification number 346.0434 J199P
100 ## - MAIN ENTRY--PERSONAL NAME
Personal name Jain, J L
245 #0 - TITLE STATEMENT
Title Punjab Occupancy Tenants (Vesting of Proprietary Rights) Act, 1952 with common Rules and Latest case law
260 ## - PUBLICATION, DISTRIBUTION, ETC. (IMPRINT)
Place of publication, distribution, etc Chandigarh
Name of publisher, distributor, etc Jain Law Agency
Date of publication, distribution, etc 1981
300 ## - PHYSICAL DESCRIPTION
Pages 13 p.
942 ## - ADDED ENTRY ELEMENTS (KOHA)
Koha item type Books
Holdings
Withdrawn status Lost status Damaged status Not for loan Location (home branch) Sublocation or collection (holding branch) Date acquired Koha issues (times borrowed) Koha full call number Accession No. Koha date last seen Koha item type
        VIVEKANANDA LIBRARY VIVEKANANDA LIBRARY 13/01/2012   346.0434 J199P 64600 17/09/2023 Books
© Designed and Maintained by Vivekananda Library, MDU Rohtak